Statistics for Names of Famous People in the Korean Alphabet (Hangul)

Click here to take the quiz!

General Stats

  • This quiz has been taken 128 times
  • The average score is 16 of 28

Answer Stats

HintAnswer% Correct
버락 오바마Barack Obama
100%
아브라함 링컨Abraham Lincoln
94%
해리 포터Harry Potter
90%
레이디 가가Lady Gaga
87%
오사마 빈 라덴Osama Bin Laden
82%
조지 워싱턴George Washington
79%
엘비스 프레슬리Elvis Presley
70%
마틴 루터 킹 주니어Martin Luther King Jr.
67%
아돌프 히틀러Adolf Hitler
63%
브리트니 스피어스Britney Spears
63%
포카 혼 타스Pocahontas
63%
블라디미르 푸틴Vladimir Putin
62%
도날드 트럼프Donald Trump
59%
크리스토퍼 콜럼버스Christopher Columbus
54%
킴 카다사안Kim Kardashian
54%
알버트 아인슈타인Albert Einstein
48%
마릴린 먼로Marilyn Monroe
48%
저스틴 비버Justin Bieber
46%
클레오 파트라Cleopatra
45%
피델 카스트로Fidel Castro
45%
커트 코베인Kurt Cobain
44%
마오 쩌둥Mao Zedong
44%
브레드 피트Brad Pitt
43%
아리스토텔레스Aristotle
38%
안네 프랑크Anne Frank
37%
프리다 칼로Frida Kahlo
37%
지그문트 프로이트Sigmund Freud
20%
사카가 위아Sacagawea
13%

Score Distribution

Percentile by Number Answered

Percent of People with Each Score

Your Score History

You have not taken this quiz